Human transit (Record no. 190583)
[ view plain ]
| 000 -LEADER | |
|---|---|
| fixed length control field | 02069nam a2200373 a 4500 |
| 082 04 - DEWEY DECIMAL CLASSIFICATION NUMBER | |
| Classification number | 388.4 |
| 100 1# - MAIN ENTRY--AUTHOR NAME | |
| Personal name | Walker, Jarrett, |
| 245 10 - TITLE STATEMENT | |
| Title | Human transit |
| 260 ## - PUBLICATION, DISTRIBUTION, ETC. (IMPRINT) | |
| Place of publication | Washington, D.C. : |
| Name of publisher | Island Press, |
| Year of publication | 2012. |
| 300 ## - PHYSICAL DESCRIPTION | |
| Number of Pages | x, 244 p. : |
| Other physical details | ill., maps. |
| 505 0# - FORMATTED CONTENTS NOTE | |
| Formatted contents note | What transit is and does -- What makes transit useful? Seven demands and how transit serves them -- Five paths to confusion -- Lines, loops, and longing -- Touching the city: stops and stations -- Peak or all day? -- Frequency is freedom -- The obstacle course: speed, delay, and reliability -- Density distractions -- Ridership or coverage? The challenge of service allocation -- Can fares be fair? -- Connections or complexity? -- From connections to networks to places -- Be on the way! Transit implications of location choice -- On the boulevard -- Take the long view. |
| 650 #0 - SUBJECT ADDED ENTRY--TOPICAL TERM | |
| Topical Term | Local transit. |
| Topical Term | City planning. |
| Topical Term | Community development. |
| 856 40 - ELECTRONIC LOCATION AND ACCESS | |
| Uniform Resource Identifier | http://site.ebrary.com/lib/rucke/Doc?id=10557614 |
No items available.
